Marine aquarium keeping

Salvato in:
Dettagli Bibliografici
Autore principale: Spotte, Stephen
Natura: Libro
Lingua:Undetermined
Pubblicazione: New York John Wiley & Sons, Inc. 1993
Soggetti:
Tags: Aggiungi Tag
Nessun Tag, puoi essere il primo ad aggiungerne! !
Thư viện lưu trữ: Trung tâm Học liệu Trường Đại học Cần Thơ
LEADER 00473nam a2200181Ia 4500
001 CTU_38882
008 210402s9999 xx 000 0 und d
082 |a 639.342 
082 |b S765 
100 |a Spotte, Stephen 
245 0 |a Marine aquarium keeping 
245 0 |c Stephen Spotte 
260 |a New York 
260 |b John Wiley & Sons, Inc. 
260 |c 1993 
650 |a Marine aquariums 
904 |i Giang 
980 |a Trung tâm Học liệu Trường Đại học Cần Thơ